000 00472 a2200169 4500
020 _a 8126500417
082 _a005.133
090 _c2043
_d2043
100 _a Koosis, Donald
245 _aJava 2 programming for dummies
_cDonald, Koosis.
250 _a3rd ed.
260 _aNew Delhi, India :
_bIDG Books Ltd.,
_c c2000.
300 _axii, 346 p. :
_bill. ;
_c 24 cm.
500 _aIncludes Index
650 _aJava (computer program language)
942 _cBK
_k005.133 KOO
999 _c5981
_d5981